000 00571nam a2200193Ia 4500
005 20250508165517.0
008 008 250505s9999 xx 000 0 eng d
037 _aTheses
040 _aFEDL
_beng
_cFEDL
041 _aeng
_2eng
084 _a420.7, SAM/TH
_qFEDL
100 _aSamuel Nupur
245 0 _aDynamic assessment of writing skills of undergraduate students in an ESL context
260 _c2014
300 _ax, 273p.
546 _aPH.D Thesis (Delhi University); C D Inculded
942 _cTH
_h420.7, SAM/TH
999 _c1395559
_d1395559